Classical Greeek architecture : (Registro nro. 56645)

Detalles MARC
000 -LEADER
campo de control de longitud fija 04985cam a22006374i 4500
003 - IDENTIFICADOR DE NÚMERO DE CONTROL
campo de control PE-LiUPU
005 - FECHA Y HORA DE LA ÚLTIMA TRANSACCIÓN
campo de control 20250731183444.0
008 - DATOS DE LONGITUD FIJA--INFORMACIÓN GENERAL
campo de control de longitud fija 150518s2004 fr a rb 001 0 eng d
020 ## - NÚMERO INTERNACIONAL ESTÁNDAR DEL LIBRO
Número Internacional Estándar del Libro 2080304429
020 ## - NÚMERO INTERNACIONAL ESTÁNDAR DEL LIBRO
Número Internacional Estándar del Libro 9782080304421
035 ## - NÚMERO DE CONTROL DEL SISTEMA
Número de control de sistema (Sirsi) i9782080304421
040 ## - FUENTE DE CATALOGACIÓN
Centro catalogador/agencia de origen PE-LiUPU
Lengua de catalogación spa
Centro/agencia transcriptor PE-LiUPU
Normas de descripción rda
049 ## - FONDOS LOCALES (OCLC)
Biblioteca depositaria PRUA
082 04 - NÚMERO DE LA CLASIFICACIÓN DECIMAL DEWEY
Número de clasificación 722.80938
Cutter T99
Número de edición 22
100 1# - ENTRADA PRINCIPAL--NOMBRE DE PERSONA
Nombre de persona Tzonis, Alexander,
Fechas asociadas al nombre 1937- ,
Término indicativo de función/relación autor.
245 10 - MENCIÓN DEL TÍTULO
Título Classical Greeek architecture :
Resto del título the construction of the modern /
Mención de responsabilidad, etc. Alexander Tzonis, Phoebe Giannisi.
250 ## - MENCION DE EDICION
Mención de edición English-language edition.
264 #1 - PRODUCCIÓN, PUBLICACIÓN, DISTRIBUCIÓN, FABRICACIÓN Y COPYRIGHT
Producción, publicación, distribución, fabricación y copyright París :
Nombre del de productor, editor, distribuidor, fabricante Flammarion,
Fecha de producción, publicación, distribución, fabricación o copyright 2004.
300 ## - DESCRIPCIÓN FÍSICA
Extensión 277 páginas :
Otras características físicas ilustraciones ;
Dimensiones 31 centímetros
336 ## - TIPO DE CONTENIDO
Término de tipo de contenido text
Fuente rdacontent
337 ## - TIPO DE MEDIO
Nombre/término del tipo de medio unmediated
Fuente rdamedia
338 ## - TIPO DE SOPORTE
Nombre/término del tipo de soporte volume
Fuente rdacarrier
504 ## - NOTA DE BIBLIOGRAFÍA, ETC.
Nota de bibliografía, etc. Bibliografía : páginas 261-271.
504 ## - NOTA DE BIBLIOGRAFÍA, ETC.
Nota de bibliografía, etc. Índice : páginas 272-277.
505 0# - NOTA DE CONTENIDO CON FORMATO
Nota de contenido con formato Why classical Greek architecture today? -- The temple of Apollo at Bassai -- Spatial arrangement and the "kinds" of architecture -- Canon and Koine -- Hearth, Temenos, and Agora -- The poetics of classical architecture -- Catharsis, critique, creation.
526 ## - NOTA DE INFORMACIÓN SOBRE EL PROGRAMA DE ESTUDIO
Nombre del programa Maestría Bim Facility Management (A distancia)
526 ## - NOTA DE INFORMACIÓN SOBRE EL PROGRAMA DE ESTUDIO
Nombre del programa
526 ## - NOTA DE INFORMACIÓN SOBRE EL PROGRAMA DE ESTUDIO
Nombre del programa Educación musical y artes
526 ## - NOTA DE INFORMACIÓN SOBRE EL PROGRAMA DE ESTUDIO
Nombre del programa Educación, especialidad educación física
526 ## - NOTA DE INFORMACIÓN SOBRE EL PROGRAMA DE ESTUDIO
Nombre del programa Arquitectura
541 ## - NOTA DE FUENTE DE ADQUISICIÓN DIRECTA
-- 003-000775;
596 ## -
-- 1
650 #4 - PUNTO DE ACCESO ADICIONAL DE MATERIA--TÉRMINO DE MATERIA
Término de materia o nombre geográfico como elemento de entrada Arquitectura clásica
Subdivisión geográfica Grecia.
700 1# - ENTRADA AGREGADA--NOMBRE PERSONAL
Nombre de persona Giannisi, Phoebe,
Término indicativo de función/relación autor.
856 1# - LOCALIZACIÓN Y ACCESO ELECTRÓNICOS
Materiales especificados Tabla de contenido :
Identificador Uniforme de Recursos <a href="http://bvbr.bib-bvb.de:8991/F?func=service&doc_library=BVB01&local_base=BVB01&doc_number=014617386&line_number=0001&func_code=DB_RECORDS&service_type=MEDIA">http://bvbr.bib-bvb.de:8991/F?func=service&doc_library=BVB01&local_base=BVB01&doc_number=014617386&line_number=0001&func_code=DB_RECORDS&service_type=MEDIA</a>
856 1# - LOCALIZACIÓN Y ACCESO ELECTRÓNICOS
Materiales especificados Tabla de contenido :
Identificador Uniforme de Recursos <a href="http://bvbr.bib-bvb.de:8991/F?func=service&doc_library=BVB01&local_base=BVB01&doc_number=014617386&line_number=0001&func_code=DB_RECORDS&service_type=MEDIA">http://bvbr.bib-bvb.de:8991/F?func=service&doc_library=BVB01&local_base=BVB01&doc_number=014617386&line_number=0001&func_code=DB_RECORDS&service_type=MEDIA</a>
856 1# - LOCALIZACIÓN Y ACCESO ELECTRÓNICOS
Materiales especificados Tabla de contenido :
Identificador Uniforme de Recursos <a href="http://bvbr.bib-bvb.de:8991/F?func=service&doc_library=BVB01&local_base=BVB01&doc_number=014617386&line_number=0001&func_code=DB_RECORDS&service_type=MEDIA">http://bvbr.bib-bvb.de:8991/F?func=service&doc_library=BVB01&local_base=BVB01&doc_number=014617386&line_number=0001&func_code=DB_RECORDS&service_type=MEDIA</a>
856 1# - LOCALIZACIÓN Y ACCESO ELECTRÓNICOS
Materiales especificados Tabla de contenido :
Identificador Uniforme de Recursos <a href="http://bvbr.bib-bvb.de:8991/F?func=service&doc_library=BVB01&local_base=BVB01&doc_number=014617386&line_number=0001&func_code=DB_RECORDS&service_type=MEDIA">http://bvbr.bib-bvb.de:8991/F?func=service&doc_library=BVB01&local_base=BVB01&doc_number=014617386&line_number=0001&func_code=DB_RECORDS&service_type=MEDIA</a>
856 1# - LOCALIZACIÓN Y ACCESO ELECTRÓNICOS
Materiales especificados Tabla de contenido :
Identificador Uniforme de Recursos <a href="http://bvbr.bib-bvb.de:8991/F?func=service&doc_library=BVB01&local_base=BVB01&doc_number=014617386&line_number=0001&func_code=DB_RECORDS&service_type=MEDIA">http://bvbr.bib-bvb.de:8991/F?func=service&doc_library=BVB01&local_base=BVB01&doc_number=014617386&line_number=0001&func_code=DB_RECORDS&service_type=MEDIA</a>
856 1# - LOCALIZACIÓN Y ACCESO ELECTRÓNICOS
Materiales especificados Tabla de contenido :
Identificador Uniforme de Recursos <a href="http://bvbr.bib-bvb.de:8991/F?func=service&doc_library=BVB01&local_base=BVB01&doc_number=014617386&line_number=0001&func_code=DB_RECORDS&service_type=MEDIA">http://bvbr.bib-bvb.de:8991/F?func=service&doc_library=BVB01&local_base=BVB01&doc_number=014617386&line_number=0001&func_code=DB_RECORDS&service_type=MEDIA</a>
856 1# - LOCALIZACIÓN Y ACCESO ELECTRÓNICOS
Materiales especificados Tabla de contenido :
Identificador Uniforme de Recursos <a href="http://bvbr.bib-bvb.de:8991/F?func=service&doc_library=BVB01&local_base=BVB01&doc_number=014617386&line_number=0001&func_code=DB_RECORDS&service_type=MEDIA">http://bvbr.bib-bvb.de:8991/F?func=service&doc_library=BVB01&local_base=BVB01&doc_number=014617386&line_number=0001&func_code=DB_RECORDS&service_type=MEDIA</a>
856 1# - LOCALIZACIÓN Y ACCESO ELECTRÓNICOS
Materiales especificados Tabla de contenido :
Identificador Uniforme de Recursos <a href="http://bvbr.bib-bvb.de:8991/F?func=service&doc_library=BVB01&local_base=BVB01&doc_number=014617386&line_number=0001&func_code=DB_RECORDS&service_type=MEDIA">http://bvbr.bib-bvb.de:8991/F?func=service&doc_library=BVB01&local_base=BVB01&doc_number=014617386&line_number=0001&func_code=DB_RECORDS&service_type=MEDIA</a>
856 1# - LOCALIZACIÓN Y ACCESO ELECTRÓNICOS
Materiales especificados Tabla de contenido :
Identificador Uniforme de Recursos <a href="http://bvbr.bib-bvb.de:8991/F?func=service&doc_library=BVB01&local_base=BVB01&doc_number=014617386&line_number=0001&func_code=DB_RECORDS&service_type=MEDIA">http://bvbr.bib-bvb.de:8991/F?func=service&doc_library=BVB01&local_base=BVB01&doc_number=014617386&line_number=0001&func_code=DB_RECORDS&service_type=MEDIA</a>
856 1# - LOCALIZACIÓN Y ACCESO ELECTRÓNICOS
Materiales especificados Tabla de contenido :
Identificador Uniforme de Recursos <a href="http://bvbr.bib-bvb.de:8991/F?func=service&doc_library=BVB01&local_base=BVB01&doc_number=014617386&line_number=0001&func_code=DB_RECORDS&service_type=MEDIA">http://bvbr.bib-bvb.de:8991/F?func=service&doc_library=BVB01&local_base=BVB01&doc_number=014617386&line_number=0001&func_code=DB_RECORDS&service_type=MEDIA</a>
856 1# - LOCALIZACIÓN Y ACCESO ELECTRÓNICOS
Materiales especificados Tabla de contenido :
Identificador Uniforme de Recursos <a href="http://bvbr.bib-bvb.de:8991/F?func=service&doc_library=BVB01&local_base=BVB01&doc_number=014617386&line_number=0001&func_code=DB_RECORDS&service_type=MEDIA">http://bvbr.bib-bvb.de:8991/F?func=service&doc_library=BVB01&local_base=BVB01&doc_number=014617386&line_number=0001&func_code=DB_RECORDS&service_type=MEDIA</a>
856 1# - LOCALIZACIÓN Y ACCESO ELECTRÓNICOS
Materiales especificados Tabla de contenido :
Identificador Uniforme de Recursos <a href="http://bvbr.bib-bvb.de:8991/F?func=service&doc_library=BVB01&local_base=BVB01&doc_number=014617386&line_number=0001&func_code=DB_RECORDS&service_type=MEDIA">http://bvbr.bib-bvb.de:8991/F?func=service&doc_library=BVB01&local_base=BVB01&doc_number=014617386&line_number=0001&func_code=DB_RECORDS&service_type=MEDIA</a>
856 1# - LOCALIZACIÓN Y ACCESO ELECTRÓNICOS
Materiales especificados Tabla de contenido :
Identificador Uniforme de Recursos <a href="http://bvbr.bib-bvb.de:8991/F?func=service&doc_library=BVB01&local_base=BVB01&doc_number=014617386&line_number=0001&func_code=DB_RECORDS&service_type=MEDIA">http://bvbr.bib-bvb.de:8991/F?func=service&doc_library=BVB01&local_base=BVB01&doc_number=014617386&line_number=0001&func_code=DB_RECORDS&service_type=MEDIA</a>
856 1# - LOCALIZACIÓN Y ACCESO ELECTRÓNICOS
Materiales especificados Tabla de contenido :
Identificador Uniforme de Recursos <a href="http://bvbr.bib-bvb.de:8991/F?func=service&doc_library=BVB01&local_base=BVB01&doc_number=014617386&line_number=0001&func_code=DB_RECORDS&service_type=MEDIA">http://bvbr.bib-bvb.de:8991/F?func=service&doc_library=BVB01&local_base=BVB01&doc_number=014617386&line_number=0001&func_code=DB_RECORDS&service_type=MEDIA</a>
856 1# - LOCALIZACIÓN Y ACCESO ELECTRÓNICOS
Materiales especificados Tabla de contenido :
Identificador Uniforme de Recursos <a href="http://bvbr.bib-bvb.de:8991/F?func=service&doc_library=BVB01&local_base=BVB01&doc_number=014617386&line_number=0001&func_code=DB_RECORDS&service_type=MEDIA">http://bvbr.bib-bvb.de:8991/F?func=service&doc_library=BVB01&local_base=BVB01&doc_number=014617386&line_number=0001&func_code=DB_RECORDS&service_type=MEDIA</a>
856 1# - LOCALIZACIÓN Y ACCESO ELECTRÓNICOS
Materiales especificados Tabla de contenido :
Identificador Uniforme de Recursos <a href="http://bvbr.bib-bvb.de:8991/F?func=service&doc_library=BVB01&local_base=BVB01&doc_number=014617386&line_number=0001&func_code=DB_RECORDS&service_type=MEDIA">http://bvbr.bib-bvb.de:8991/F?func=service&doc_library=BVB01&local_base=BVB01&doc_number=014617386&line_number=0001&func_code=DB_RECORDS&service_type=MEDIA</a>
910 ## - DATOS DE OPCIÓN DEL USUARIO (OCLC)
Datos de opción del usuario cce
-- jck
-- cce
-- 20150518
942 ## - ELEMENTOS DE ENTRADA SECUNDARIOS (KOHA)
Fuente del sistema de clasificación o colocación Clasificación Decimal Dewey
Tipo de ítem Koha
949 ## - PROCESAMIENTO DE INFORMACIÓN LOCAL (OCLC)
a 722.8 T99
w DEWEY
c 1
i 71067
l CCODEBUL1
m BUL
p 77.70
r 0
s Y
t BOOK
u 2015-5-18
x INGENIERIA
-- P06
0 COMPRA
o .STAFF. Colección General
994 ## -
-- C0
-- PEPRU
999 ## - NÚMEROS DE CONTROL DE SISTEMA (KOHA)
-- DEWEY
-- 71067
-- 2021-11-9
-- 7
-- CCODEBUL1
-- BUL
-- 77.70
-- 0
-- Y
-- BOOK
-- 2015-5-18
-- INGENIERIA
-- P06
-- COMPRA
-- .STAFF. Colección General
980 ## - EQUIVALENCIA O REFERENCIA-CRUZADA-MENCIÓN DE SERIE--NOMBRE DE PERSONA/TÍTULO [LOCAL, CANADÁ]
ID del último usuario que modificó el registro 1
Nombre del último usuario que modificó el registro ALBERTO SANCHEZ Responsable de Automatización
Existencias
Visto por última vez Número de inventario Total de préstamos Signatura topográfica completa Código de barras Copia número Coste, precio de reemplazo Fecha de reemplazo Facultad Tipo de ítem Koha Nota pública Estado de pérdida Fuente del sistema de clasificación o colocación Restricciones de uso No para préstamo Colección Programa académico Biblioteca de origen Biblioteca actual Ubicación en estantería Fecha de adquisición Fuente de adquisición Coste, precio normal de compra
2025-12-02 8   722.8 T99 71067 e1 82.70 2015-05-18 FIA Libros físicos inventario-2023-12-13 No Perdido Clasificación Decimal Dewey No restringido Disponible para préstamos Colección General Arquitectura Biblioteca CRAI UPeU Lima Biblioteca CRAI UPeU Lima Estante de Libros Grandes 2015-05-18 COMPRA 77.70